000 01044nam0a2200301 4500
001 RU\NLR\ONL2\5610
005 20250613125722.0
010 _a5-295-03565-4
_92000
035 _a(NLR Aleph) 009653208
090 _a9579183
_c9579183
100 _a20060801d2004 |||y0rusy50 ca
101 0 _abak
102 _aRU
105 _aa |||||||||
200 1 _aАхыр заман - аяk астында
_eПублицист. мэkэлэлэр
_fСэлмэн Ярмуллин
210 _aОфо
_cКитап
_d2004
215 _a335 б.
_cил.
_d20
541 1 _6z01790
_a[Последняя эпоха]
_eПублицистика.
_zrus
686 1 _aШ6(2=Баш)7-49
700 1 _aЯрмуллин
_bС. Ш.
_f1969-
_gСэлмэн Шэкирйэн улы
_4070
790 1 _6z01541
_aЯрмуллин
_bС. Ш.
_gСальман Шакирьянович
_4070
801 0 _aRU
_bNLR
_c20060801
_gPSBO
852 _aNLR
_bОНЛ
_jБашк./2-4426
942 _cBOOK
980 _aNB
980 _aONL_RF